000
00319nam a2200121Ia 4500
008
241028s9999 xx 000 0 und d
041
_a
eng
082
_a
394.2068 FER
100
_a
Nicole Ferdinand
245
_a
Event Management An International Approach
260
_b
Sage
_a
LOS ANGELE
_c
2022
300
_a
358;. P. 24 cm
999
_c
42830
_d
42830